000 01090nam a22003257a 4500
003 CHAP
005 20220329141511.0
008 971013s1989 r 00010 d
010 _a69162
011 _a70134
035 _a79614
040 _cCHAP
090 _aFolleto 9821 (1988-89)
100 0 0 _aGlaz, B.
_948260
245 _aEvaluation of new canal point sugar cane clones
_b: 1988-89 harvest season
260 _aWashington :
_bU. S. Agricultural Research Service,
_c1989
300 _a25 p.
500 _a33-64
590 _aBATCH-UPD
_b10
_c20130110
_lUCH01
_h0311
590 _aBATCH-UPD
_b10
_c20130110
_lUCH01
_h1914
590 _aBATCH-UPD
_b10
_c20130409
_lUCH01
_h2343
590 _aBATCH-UPD
_b10
_c20130914
_lUCH01
_h0836
590 _aCONVERSION
_b10
_c20130109
_lUCH01
_h1338
650 1 4 _aCaña de azúcar
_xHíbridos.
_918613
650 1 4 _aCaña de azúcar
_xVariedades resistentes a enfermedades.
_918663
710 0 _aE.U.A. Agricultural Research Service.
_934856
901 _aBK
942 _cFOLL
949 _aFolleto 9821 (1988-89)
_bBC
_cFOLL
_d-32503
_eTS1
_i79614
_si
999 _c69162
_d69162